| 000 | 00732nam a2200217Ia 4500 | ||
|---|---|---|---|
| 003 | IN-BaIIA | ||
| 008 | 211028s9999 xx 000 0 eng d | ||
| 020 | _a978-0-8243-0946-6 | ||
| 040 | _cIIA Library | ||
| 080 |
_a(05)52 _bANN-46 |
||
| 245 | 0 |
_aAnnual review of astronomy and astrophysics _bvol. 46 _cedited by Roger Blandford, Ewine Fleur van Dishoeck and J Kormendy |
|
| 260 |
_aPalo Alto _bAnnual Reviews _c2008 |
||
| 300 | _a585p. | ||
| 650 |
_aAstronomy - periodicals _94087 |
||
| 650 |
_aAstronomy and astrophysics _92815 |
||
| 650 |
_aAstrophysics - periodicals _94088 |
||
| 700 |
_aBlandford, Roger., ed. _928594 |
||
| 700 |
_aKormendy, John., ed. _932147 |
||
| 700 |
_avan Dishoeck, Eurine, ed. _932148 |
||
| 942 | _cBK | ||
| 999 |
_c17089 _d17089 |
||